Statistiques concernant Villes par image #3

Cliquez ici pour prendre le quiz!

Statistiques générales

  • Ce quiz a été pris 43 fois
  • Le résultat moyen est 3 sur 15

Statistiques - réponses

Réponse% Correct
Miami
59%
La Paz
49%
Bordeaux
46%
Asuncion / Assomption
19%
Tegucigalpa / Tégucigalpa
19%
Luanda
19%
Samarcande
16%
Nairobi
16%
Brazzaville
11%
Thessalonique / Salonique
11%
Manchester
8%
Minsk
8%
Achgabat / Achkhabad
8%
Astana
8%
Chennai / Madras
5%

Distribution des résultats

Percentile par nombre de réponses

% des personnes avec chaque résultat

Votre développement - résultats

Vous n’avez pas pris ce quiz